[Event "FRA-ch U16 Girls"]
[Site "Aix les Bains"]
[Date "2009.04.25"]
[Round "8"]
[White "De Seroux, Camille"]
[Black "Pinault, Mailys"]
[Result "1-0"]
[WhiteElo "1909"]
[BlackElo "1686"]
[PlyCount "63"]
[EventDate "2009.04.19"]
[EventType "swiss"]
[EventRounds "9"]
[EventCountry "FRA"]
[SourceTitle "CBM 130 Extra"]
[Source "ChessBase"]
[SourceDate "2009.07.02"]
[SourceVersion "2"]
[SourceVersionDate "2009.07.15"]
[SourceQuality "1"]

1. e4 e5 2. Nf3 Nc6 3. Bc4 Bc5 4. c3 Nf6 5. d3 d6 6. h3 h6 7. Nbd2 0-0 8. g4 Nh7 9. Nf1 Be6 10. Bb3 d5 11. Qe2 dxe4 12. dxe4 Qe7 13. Ng3 Bxb3 14. axb3 Rad8 15. Nf5 Qe6 16. b4 Bb6 17. Rg1 Ne7 18. N3h4 Ng6 19. Qf3 Rd7 20. g5 Nxh4 21. Nxh4 Nxg5 22. Bxg5 hxg5 23. Rxg5 Rfd8 24. Nf5 f6 25. Rg6 Qb3 26. Qg4 Bxf2+ 27. Kxf2 Qxb2+ 28. Kg3 Qxc3+ 29. Kh4 Qxa1 30. Rxg7+ Kf8 31. Rg8+ Kf7 32. Qg6+ 1-0

[Event "FRA-ch U16 Girls"]
[Site "Aix les Bains"]
[Date "2009.04.24"]
[Round "7"]
[White "Pinault, Mailys"]
[Black "Soubirou, Oriane"]
[Result "0-1"]
[WhiteElo "1686"]
[BlackElo "1855"]
[PlyCount "148"]
[EventDate "2009.04.19"]
[EventType "swiss"]
[EventRounds "9"]
[EventCountry "FRA"]
[SourceTitle "CBM 130 Extra"]
[Source "ChessBase"]
[SourceDate "2009.07.02"]
[SourceVersion "2"]
[SourceVersionDate "2009.07.15"]
[SourceQuality "1"]

1. e4 c5 2. Nc3 a6 3. g3 b5 4. Bg2 Bb7 5. Nge2 e6 6. 0-0 d6 7. d4 cxd4 8. Nxd4 Nd7 9. Re1 Qc7 10. Bg5 Ngf6 11. Qe2 Be7 12. Rad1 0-0 13. f4 b4 14. Na4 Nc5 15. Nxc5 dxc5 16. Qc4 Qb6 17. Nb3 Rac8 18. e5 Nd5 19. Bxe7 Nxe7 20. Rd6 Qc7 21. Bxb7 Qxb7 22. Qxa6 Qf3 23. Qf1 Qg4 24. Red1 Nf5 25. R1d2 c4 26. Nd4 Nxd6 27. exd6 Rfd8 28. Nb5 Qf5 29. d7 Rb8 30. Nd4 Qc5 31. Qf2 Rxd7 32. Nf3 Qxf2+ 33. Kxf2 Rc7 34. Rd4 h6 35. Ne5 c3 36. b3 Ra8 37. Nd3 Rxa2 38. Nxb4 Rb2 39. Ke3 Rb1 40. Kf3 Kf8 41. Na2 Ke7 42. h4 Rb2 43. Nb4 Rb7 44. Ke4 Rb1 45. Kf3 Rc7 46. Rd3 Ra1 47. f5 Rf1+ 48. Ke4 exf5+ 49. Ke3 Rd7 50. Nd5+ Kd8 51. Nxc3 Rxd3+ 52. cxd3 f6 53. b4 h5 54. Ne2 Rb1 55. Nf4 Rxb4 56. Nxh5 Rg4 57. Kf3 Ke7 58. Nf4 g5 59. hxg5 fxg5 60. Nd5+ Ke6 61. Ne3 Ra4 62. g4 f4 63. Nc4 Rxc4 64. dxc4 Ke5 65. Kf2 Kd4 66. Ke2 Kxc4 67. Kf2 Kd4 68. Kf3 Ke5 69. Kf2 f3 70. Kf1 Kf4 71. Kg1 Kxg4 72. Kf2 Kf4 73. Kf1 g4 74. Kg1 g3 0-1

[Event "FRA-ch U14 Girls"]
[Site "Le Grand Bornand"]
[Date "2007.04.??"]
[Round "5"]
[White "Khan, Mai Ly"]
[Black "Pinault, Mailys"]
[Result "1-0"]
[WhiteElo "1610"]
[BlackElo "1460"]
[PlyCount "81"]
[EventDate "2007.04.07"]
[EventType "swiss"]
[EventRounds "9"]
[EventCountry "FRA"]
[SourceTitle "CBM 118 Extra"]
[Source "ChessBase"]
[SourceDate "2007.07.04"]
[SourceVersion "1"]
[SourceVersionDate "2007.07.04"]
[SourceQuality "1"]

1. e4 e6 2. d4 d5 3. Nd2 dxe4 4. Nxe4 Nd7 5. Nf3 Ngf6 6. Bg5 Be7 7. Nxf6+ Bxf6 8. Bxf6 Nxf6 9. Bd3 b6 10. Bb5+ Nd7 11. Bc6 Rb8 12. Ne5 0-0 13. 0-0 Nxe5 14. dxe5 Qg5 15. f4 Qe7 16. Be4 Qb4 17. Qd3 h6 18. b3 Qa3 19. Rf3 Qb2 20. Qc3 Qxc3 21. Rxc3 c5 22. Rd3 Bb7 23. Bxb7 Rxb7 24. Rad1 Rfb8 25. Rd7 g5 26. g3 Kg7 27. Kf2 g4 28. Ke3 Kg6 29. Ke4 b5 30. R1d6 Kh5 31. f5 exf5+ 32. Kxf5 a5 33. Kf6 Rxd7 34. Rxd7 Re8 35. Rxf7 c4 36. e6 cxb3 37. cxb3 a4 38. e7 axb3 39. axb3 b4 40. Ke6 Ra8 41. Rf8 1-0